1157 1375 1871 1529 1388 1556 1665 1168 1383 1122 1083 1961 1928 1005 1029 1403 1027 1626 1674 1401 1883 1498 1665 1404 1890 1770 1994 1847 1836 1336 1646 1051 1518 1572 1832 1254 1931 1262 1419 1642 1193 1280 1142 1108 1980 1843 1184 1300 1571 1895 1846 1116 1902 1370 1044 1629 1424 1426 1036 1544 1979 1642 1280 1867 1814 1253 1911 1435 1748 1131 1818 1031 1669 1809 1991 1722 1740 1133 1306 1871 1761 1780 1494 1482 1019 1034 1374 1078 1523 1749 1240 1483 1835 2000 1616 1261 1996 1048 1255 BCNSPRNW ULIB Ver.6.0+V

เปลี่ยนเป็นภาษาไทย

Change to English
 แสดงรายละเอียดบรรณานุกรม
  กลับหน้าหลัก

Brief Record : Get Marc (ISO 2709) : E-mail record : QR code < ปิดหน้าต่าง
LEADER : 00000nam 2200000uu 4500
001    13399112707
003     ULIB
008    110905s2550||||th 000 0 tha d
020    9744222654
050 04 LB2525^bส691ก 2552
245 00 เกณฑ์คุณภาพการปฏิบัติการพยาบาลที่เป็นเลิศ =^b(Criteria for nursing performance excellence) /^cบรรณาธิการและเรียบเรียง, ชุติกาญจน์ หฤทัย, อรุณี ไพศาลพาณิชย์กุล
246 31 Criteria for nursing performance excellence
250    พิมพ์ครั้งที่ 2
260    นนทบุรี :^bสำนักการพยาบาล กรมการแพทย์ กระทรวงสาธารณสุข,^c2550
300    47 หน้า ;^c26 ซม.
650  4 การปฏิบัติ^xการพยาบาล
650  4 คุณภาพการพยาบาล
700 0  ชุติกาญจน์ หฤทัย,^eบรรณาธิการ
700 0  อรุณี ไพศาลพาณิชย์กุล,^eบรรณาธิการ
710 2  กระทรวงสาธารณสุข. ^bกรมการแพทย์
710 2  สำนักการพยาบาล
945    ^p0^l0^i027556
945    ^p0^l0^i027557
945    ^p0^l0^i027558
945    ^p0^l0^i027559
945    ^p0^l0^i027560
995    ทศพร
999 ^a ทศพร
รายการนี้ยังไม่มีแท็ก
คุณยังไม่ได้ล็อกอิน คุณสามารถมีกิจกรรมร่วมกับเว็บไซต์ได้ แต่ต้องล็อกอินก่อน ::
  ล็อกอิน

รายการสื่อสารสนเทศ

ลำดับที่ ประเภท เลขเรียก/บาร์โค้ด สถานที่ สถานะ
- ไม่พบข้อมูล -

รายการใกล้เคียง
    หัวเรื่อง [คุณภาพการพยาบาล]

BibComment


ยังไม่เคยถูกคอมเมนท์

คอมเมนท์ทรัพยากรรายการนี้
  คอมเมนท์: เกณฑ์คุณภาพการปฏิ..


 Copyright 2026. Bcnsprnw @Library